Možnosti hodnotenia udržateľnej spotreby a výroby v podniku

Skúmanie možností inovácií udržateľnej spotreby a výroby, výber vhodných dobrovoľných nástrojov v tejto oblasti a návrhy konkrétnych opatrení súvisiacich s využitím navrhnutých nástrojov, ktoré by jednak znížili negatívny dopad podniku na životné prostredie a zároveň by podniku priniesli pozitívny e...

Ausführliche Beschreibung

Gespeichert in:
Bibliographische Detailangaben
1. Verfasser: Rakovská, Júlia, 1972-
Format: Buchkapitel
Sprache:Slowakisch
Schlagworte:
Tags: Tag hinzufügen
Keine Tags, Fügen Sie das erste Tag hinzu!

MARC

LEADER 00000nla a2200000 4500
001 0228038
005 20240502073745.2
041 0 |a slo 
044 |a SK 
245 1 0 |a Možnosti hodnotenia udržateľnej spotreby a výroby v podniku  |c Júlia Rakovská 
520 |a Skúmanie možností inovácií udržateľnej spotreby a výroby, výber vhodných dobrovoľných nástrojov v tejto oblasti a návrhy konkrétnych opatrení súvisiacich s využitím navrhnutých nástrojov, ktoré by jednak znížili negatívny dopad podniku na životné prostredie a zároveň by podniku priniesli pozitívny ekonomický efekt. 
610 2 0 |a podnik 
610 2 0 |a inovácia 
610 2 0 |a výroba 
610 2 0 |a spotreba udržateľná 
610 2 0 |a rozvoj trvalo udržateľný 
610 2 0 |a manažment environmentálny 
100 1 |a Rakovská, Júlia, 1972-